000 00617nam a2200205Ia 4500
003 GCL
008 140319s9999 xx 000 0 ara d
040 _aGCL /
_cGCL
082 0 4 _a301.31
_bك م
100 1 _aكمال شرقاوى غزالى
245 1 0 _aمن اجل بيئة افضل : التلوث البيئى العقدة والحل /
_cكمال شرقاوى غزالى
300 _a105 ص
490 _a
650 0 4 _aتلوث البيئة
650 0 4 _aحماية البيئة
650 0 4 _aتلوث الهواء
650 0 4 _aالكون
650 0 4 _aالكون الضوضائى
942 _2ddc
_cBK
999 _c45463
_d45463